[Event "Festival Seprio A"]
[Site "Castiglione Olona ITA"]
[Date "1995.12.??"]
[Round "1"]
[White "Mantovani, Renzo"]
[Black "Ciampi, Vincenzo"]
[Result "1-0"]
[WhiteElo "2365"]
[BlackElo "2160"]
[PlyCount "69"]
[EventDate "1995.12.27"]

1. d4 Nf6 2. Nf3 c6 3. Bg5 d5 4. e3 Nbd7 5. Nbd2 e6 6. Bd3 Be7 7. c4 c5 8. Rc1
O-O 9. cxd5 Nxd5 10. Bxe7 Qxe7 11. dxc5 Nb4 12. Nb3 Rd8 13. Nfd4 e5 14. Nf5 Qg5
15. Nd6 Nxd3+ 16. Qxd3 Nf6 17. Ne4 Nxe4 18. Qxe4 Bf5 19. Qxb7 Qg6 20. Qf3 Be4
21. Qg3 Qa6 22. f3 Bd5 23. Qxe5 Bxb3 24. axb3 Re8 25. Qc3 Rad8 26. e4 Rd3 27.
Qc4 Qh6 28. O-O Qe3+ 29. Kh1 Rd4 30. Qc3 Rd3 31. Qe1 Qd4 32. c6 Rc8 33. c7 Qxb2
34. Qa5 Qxb3 35. Qa6 1-0

[Event "Festival Seprio A"]
[Site "Castiglione Olona ITA"]
[Date "1995.12.??"]
[Round "1"]
[White "Nurkic, Sahbaz"]
[Black "Pax, Horst"]
[Result "1-0"]
[WhiteElo "2420"]
[BlackElo "2175"]
[PlyCount "51"]
[EventDate "1995.12.27"]

1. e4 c5 2. Nf3 e6 3. Nc3 d6 4. d4 cxd4 5. Qxd4 a6 6. Be3 Nc6 7. Qd2 Nf6 8.
O-O-O Be7 9. Bf4 Ng4 10. h3 Nge5 11. Qe1 Qc7 12. Kb1 O-O 13. Nd2 b5 14. Be3 Na5
15. f4 Nec4 16. Nxc4 Nxc4 17. Bd4 b4 18. Na4 Rb8 19. Qg3 f6 20. f5 Ne5 21. Qb3
Bd7 22. Rc1 d5 23. fxe6 Nc4 24. Rd1 Qc8 25. Ba7 Ra8 26. exd5 1-0

[Event "Festival Seprio A"]
[Site "Castiglione Olona ITA"]
[Date "1995.12.??"]
[Round "1"]
[White "Rossi, Giampiero"]
[Black "Bellini, Fabio"]
[Result "1/2-1/2"]
[WhiteElo "2135"]
[BlackElo "2350"]
[PlyCount "109"]
[EventDate "1995.12.27"]

1. d4 Nf6 2. c4 g6 3. g3 Bg7 4. Bg2 O-O 5. Nc3 d6 6. Nf3 Nbd7 7. O-O e5 8. Qc2
c6 9. Rd1 Re8 10. h3 e4 11. Ne1 d5 12. cxd5 cxd5 13. e3 Nf8 14. b3 Be6 15. Bb2
Qd7 16. Kh2 h5 17. Rac1 Rac8 18. Qd2 N8h7 19. Ne2 Ng5 20. Nf4 Bf5 21. Rxc8 Rxc8
22. Rc1 Bf8 23. Rxc8 Qxc8 24. Qc1 Qb8 25. Ba3 Bxa3 26. Qxa3 Qc7 27. Qc5 Qxc5
28. dxc5 Ne6 29. Nxe6 fxe6 30. Bf1 a5 31. Bb5 e5 32. Nc2 Kf7 33. Kg2 Ke7 34. a3
Bd7 35. Be2 g5 36. h4 g4 37. Kf1 Bc6 38. Ke1 Nd7 39. b4 Ba4 40. Kd2 Nf8 41.
bxa5 Bxc2 42. Kxc2 Nd7 43. a6 bxa6 44. Bxa6 Nxc5 45. Bb5 Ne6 46. Bc6 Nc7 47.
Kc3 Kd6 48. Bb7 Kc5 49. Bc8 d4+ 50. Kd2 Nd5 51. Bf5 Nf6 52. Be6 Kb5 53. Bb3 Ne8
54. Bf7 Nf6 55. Bb3 1/2-1/2

[Event "Festival Seprio A"]
[Site "Castiglione Olona ITA"]
[Date "1995.12.??"]
[Round "1"]
[White "Scavo, Fernando"]
[Black "Naumkin, Igor"]
[Result "0-1"]
[WhiteElo "2260"]
[BlackElo "2455"]
[PlyCount "145"]
[EventDate "1995.12.27"]

1. d4 e6 2. Nf3 f5 3. d5 Nf6 4. dxe6 d5 5. c4 Bxe6 6. cxd5 Nxd5 7. g3 Nc6 8.
Bg2 Qd7 9. O-O O-O-O 10. Bg5 Be7 11. Bxe7 Qxe7 12. Qa4 Nb6 13. Qa3 Qf6 14. Qc3
Qe7 15. Nbd2 g5 16. Nb3 Bxb3 17. axb3 Nd5 18. Qc4 Ndb4 19. Rfd1 a6 20. Ne1 Ne5
21. Qc3 c6 22. Nc2 Nxc2 23. Qxc2 Qe6 24. b4 h6 25. Qc5 Rxd1+ 26. Rxd1 Rd8 27.
Rxd8+ Kxd8 28. e4 fxe4 29. Qf8+ Kc7 30. Bxe4 Nd7 31. Qf3 Qe5 32. Bf5 Nf6 33.
Bh3 Qxb2 34. Qf5 Qd4 35. Qa5+ Kb8 36. Qf5 Ka7 37. Bg2 Qa1+ 38. Bf1 Nd5 39. Qf8
Qf6 40. Qc5+ Kb8 41. Bg2 Nc3 42. h3 Ne2+ 43. Kh2 Nd4 44. Kg1 Nb5 45. Bf1 Nd6
46. Bg2 Kc7 47. Qa5+ Kd7 48. Qc5 Ke7 49. Qe3+ Kf7 50. Qb3+ Kg7 51. Qe3 Nf5 52.
Qb6 Qe7 53. Kh2 Kf6 54. Qa5 h5 55. Qa1+ Qe5 56. Qd1 h4 57. Qd8+ Qe7 58. Qh8+
Kf7 59. Qh7+ Kf6 60. Qh8+ Ke6 61. Qc3 Qd6 62. Qb3+ Kf6 63. Qc3+ Qd4 64. Qc2
Qxb4 65. g4 Qf4+ 66. Kh1 Nd4 67. Qh7 b5 68. Qh6+ Ke7 69. Qg7+ Ke6 70. Qg6+ Ke7
71. Qb1 a5 72. Qg6 a4 73. Qg7+ 0-1

[Event "Festival Seprio A"]
[Site "Castiglione Olona ITA"]
[Date "1995.12.??"]
[Round "1"]
[White "Sgnaolin, Davide"]
[Black "Contini, Luca"]
[Result "0-1"]
[WhiteElo "1994"]
[BlackElo "2315"]
[PlyCount "130"]
[EventDate "1995.12.27"]

1. e4 c5 2. Nf3 d6 3. Nc3 e6 4. d4 cxd4 5. Nxd4 a6 6. g3 b5 7. Bg2 Bb7 8. O-O
Qc7 9. a4 b4 10. Na2 Nf6 11. Re1 Be7 12. c3 bxc3 13. Nxc3 O-O 14. Be3 Rc8 15.
Rc1 Qd7 16. a5 Bd8 17. Nb3 Nc6 18. Bd4 Nxd4 19. Qxd4 Bc6 20. Nd2 e5 21. Qd3
Bxa5 22. Nc4 Bc7 23. Red1 Rcb8 24. Rd2 Rb4 25. Rcd1 Rab8 26. Qe2 Bb5 27. Nxb5
Qxb5 28. Nxd6 Qxe2 29. Rxe2 g6 30. Rc2 Bb6 31. Nc8 Bd4 32. Ne7+ Kg7 33. Nc6
Rxb2 34. Nxd4 exd4 35. Rxb2 Rxb2 36. Rxd4 Ng4 37. Ra4 Nxf2 38. Rxa6 Ng4 39. Ra1
Kf6 40. Rf1+ Ke7 41. Ra1 Kd6 42. h3 Ne5 43. Rd1+ Ke6 44. Rf1 Nc4 45. Rf2 Rb1+
46. Kh2 Ne3 47. Re2 Nc4 48. Ra2 Rb2 49. Rxb2 Nxb2 50. Kg1 Ke5 51. Kf2 Kd4 52.
Kf3 Nc4 53. Kf4 h6 54. h4 Ne3 55. Bh3 f6 56. Be6 g5+ 57. hxg5 hxg5+ 58. Kf3 Nf1
59. Bf5 Nd2+ 60. Kf2 Nxe4+ 61. Kf3 Nd6 62. Bd7 Ke5 63. Ba4 f5 64. Bc2 g4+ 65.
Ke3 Ne4 0-1

[Event "Festival Seprio A"]
[Site "Castiglione Olona ITA"]
[Date "1995.12.??"]
[Round "1"]
[White "Vujovic, Milorad"]
[Black "Capitelli, Paolo"]
[Result "1-0"]
[WhiteElo "2305"]
[BlackElo "1890"]
[PlyCount "73"]
[EventDate "1995.12.27"]

1. c4 Nf6 2. d4 g6 3. Nc3 Bg7 4. e4 d6 5. f3 O-O 6. Be3 e5 7. d5 c6 8. Qd2 cxd5
9. cxd5 a6 10. a4 Nh5 11. g4 Nf4 12. h4 f5 13. gxf5 gxf5 14. Nge2 Nxe2 15. Bxe2
f4 16. Bf2 Nd7 17. a5 b6 18. axb6 Nxb6 19. Na4 Nxa4 20. Rxa4 Bd7 21. Ra5 Bb5
22. Bxb5 axb5 23. b4 Qb8 24. Rxa8 Qxa8 25. O-O Rc8 26. Rc1 Bf6 27. Kh2 Rxc1 28.
Qxc1 Qd8 29. Qg1+ Kf8 30. Qg4 Qe7 31. Qf5 Kg7 32. Kh3 Qc7 33. h5 Qf7 34. Kg4
Kh6 35. Be1 Qg7+ 36. Kh3 Qg5 37. Qxg5+ 1-0

[Event "Festival Seprio A"]
[Site "Castiglione Olona ITA"]
[Date "1995.12.??"]
[Round "2"]
[White "Bellini, Fabio"]
[Black "Medancic, Rikard"]
[Result "0-1"]
[WhiteElo "2350"]
[BlackElo "2340"]
[PlyCount "103"]
[EventDate "1995.12.27"]

1. d4 Nf6 2. Nf3 d5 3. c4 e6 4. cxd5 exd5 5. Nc3 c6 6. Bg5 h6 7. Bxf6 Qxf6 8.
e3 Bd6 9. Be2 Nd7 10. O-O Qe7 11. Qc2 Nf6 12. Bd3 O-O 13. Rfe1 Re8 14. Nd2 Be6
15. a3 Rad8 16. Nf1 Bc8 17. b4 a6 18. Rab1 g6 19. Qb3 Kg7 20. a4 Qc7 21. Rec1
Ng4 22. g3 Qe7 23. b5 axb5 24. axb5 h5 25. bxc6 bxc6 26. Nd1 Bd7 27. f3 Nf6 28.
Qc3 Rb8 29. Nf2 Bb4 30. Qc2 Nh7 31. Ra1 Rb7 32. Ba6 Rb6 33. Be2 Ba3 34. Rcb1
Reb8 35. Rxb6 Rxb6 36. Nd3 Bf5 37. Qa4 Bd6 38. Qa7 Rb7 39. Qa6 Rb3 40. Rd1 Qe8
41. Kf2 Ng5 42. Rc1 Bd7 43. h4 Nh7 44. Nc5 Bxc5 45. Rxc5 Nf6 46. Qa1 Qb8 47.
Ra5 Rb2 48. Ra2 Rb1 49. Qc3 Bh3 50. Qxc6 Qb4 51. Nd2 Rh1 52. Nf1 0-1

[Event "Festival Seprio A"]
[Site "Castiglione Olona ITA"]
[Date "1995.12.??"]
[Round "2"]
[White "Capitelli, Paolo"]
[Black "Barlocco, Carlo"]
[Result "0-1"]
[WhiteElo "1890"]
[BlackElo "2160"]
[PlyCount "122"]
[EventDate "1995.12.27"]

1. e4 c5 2. Nf3 Nc6 3. d4 cxd4 4. Nxd4 Nf6 5. Nc3 d6 6. Be2 e5 7. Nb3 Be7 8.
O-O O-O 9. Be3 a6 10. a4 Be6 11. f4 Nb4 12. a5 Rc8 13. Bb6 Qd7 14. f5 Bc4 15.
Bxc4 Rxc4 16. Qe2 Rfc8 17. Nd2 R4c6 18. Nf3 Bd8 19. Bxd8 Rxd8 20. Rfd1 Rc5 21.
Qe3 Qc7 22. Qe2 Rxa5 23. Rxa5 Qxa5 24. Qd2 Qc5+ 25. Qf2 Qxf2+ 26. Kxf2 Nc6 27.
h3 Kf8 28. g4 h6 29. Ke3 Ke7 30. Nd5+ Nxd5+ 31. Rxd5 f6 32. c3 Kf7 33. h4 Ne7
34. Rd2 d5 35. exd5 Rxd5 36. Rxd5 Nxd5+ 37. Ke4 Nb6 38. b3 Ke7 39. g5 Nc8 40.
gxf6+ gxf6 41. Kd5 Nd6 42. Nxe5 fxe5 43. Kxe5 Nf7+ 44. Kd5 Kf6 45. Kc5 Kxf5 46.
Kb6 Nd8 47. Kc7 Kg4 48. Kxd8 Kxh4 49. c4 Kg5 50. c5 h5 51. Kc7 h4 52. Kxb7 h3
53. c6 h2 54. c7 h1=Q+ 55. Kb8 Qh2 56. Kb7 Qg2+ 57. Kxa6 Qa8+ 58. Kb6 Kf6 59.
b4 Ke6 60. b5 Kd7 61. c8=Q+ Kxc8 0-1

[Event "Festival Seprio A"]
[Site "Castiglione Olona ITA"]
[Date "1995.12.??"]
[Round "2"]
[White "Ciampi, Vincenzo"]
[Black "Satta, Vladimiro"]
[Result "0-1"]
[WhiteElo "2160"]
[BlackElo "2300"]
[PlyCount "106"]
[EventDate "1995.12.27"]

1. d4 d6 2. e4 Nf6 3. Bd3 e5 4. c3 g6 5. Ne2 Bg7 6. O-O O-O 7. h3 Re8 8. dxe5
dxe5 9. Qc2 Nbd7 10. Be3 Qe7 11. b4 b6 12. Nd2 Bb7 13. a4 a5 14. Rfb1 Reb8 15.
Nc4 Ba6 16. f3 Ne8 17. Bc1 Qe6 18. Ne3 Bxd3 19. Qxd3 Rd8 20. Qd5 Qxd5 21. Nxd5
Ndf6 22. Ne7+ Kf8 23. Nc6 Rd1+ 24. Kf2 axb4 25. cxb4 Nd7 26. Nc3 Rd6 27. b5 Kg8
28. Nd5 Ndf6 29. Bb2 Nxd5 30. exd5 f6 31. Rd1 Kf7 32. Bc3 Rd7 33. Bb4 Bf8 34.
Bc3 Bc5+ 35. Ke2 Nd6 36. g4 Nc4 37. Rd3 Re8 38. a5 bxa5 39. Bxa5 Nd6 40. Rc1
Bd4 41. Nxd4 exd4+ 42. Kf2 Nxb5 43. Rc5 Nd6 44. Rxc7 Rxc7 45. Bxc7 Nb5 46. Bb6
Re5 47. Bxd4 Rxd5 48. Ke3 f5 49. gxf5 Rxf5 50. Bb2 Rh5 51. Rd7+ Ke6 52. Rb7 Nd6
53. Rb6 Kd5 0-1

[Event "Festival Seprio A"]
[Site "Castiglione Olona ITA"]
[Date "1995.12.??"]
[Round "2"]
[White "Contin, Daniel"]
[Black "Nurkic, Sahbaz"]
[Result "0-1"]
[WhiteElo "2365"]
[BlackElo "2420"]
[PlyCount "72"]
[EventDate "1995.12.27"]

1. c4 g6 2. Nc3 Bg7 3. d4 d6 4. g3 Nf6 5. Bg2 O-O 6. Nf3 Nc6 7. O-O e5 8. d5
Ne7 9. c5 Ne8 10. cxd6 Nxd6 11. e4 c6 12. Re1 cxd5 13. exd5 f6 14. a4 Rf7 15.
b3 Bg4 16. Ra2 f5 17. Qd2 Bxf3 18. Bxf3 e4 19. Be2 a6 20. a5 h5 21. Bf1 Rc8 22.
Ne2 Rc5 23. Nf4 Bc3 24. Qe3 Rxa5 25. Qxc3 Rxa2 26. Re2 Nb5 27. Qe5 Rxe2 28.
Bxe2 Qd6 29. Bb2 Qxe5 30. Bxe5 g5 31. Ne6 Nxd5 32. Bc4 Nb6 33. Bxb5 axb5 34.
Nxg5 Rd7 35. Nh3 Rd3 36. b4 Nd7 0-1

[Event "Festival Seprio A"]
[Site "Castiglione Olona ITA"]
[Date "1995.12.??"]
[Round "2"]
[White "Contini, Luca"]
[Black "Djuric, Stefan"]
[Result "1/2-1/2"]
[WhiteElo "2315"]
[BlackElo "2470"]
[PlyCount "67"]
[EventDate "1995.12.27"]

1. d4 Nf6 2. c4 g6 3. Nc3 d5 4. Nf3 Bg7 5. cxd5 Nxd5 6. e4 Nxc3 7. bxc3 O-O 8.
Be2 Nc6 9. O-O b6 10. Ba3 Bb7 11. Qd3 Qd7 12. Rac1 Rad8 13. d5 Ne5 14. Nxe5
Bxe5 15. c4 c6 16. f4 Bg7 17. Qb3 b5 18. Rfd1 cxd5 19. cxd5 a6 20. Bf3 a5 21.
Bc5 b4 22. a3 Rb8 23. axb4 axb4 24. e5 Ba6 25. e6 fxe6 26. d6 exd6 27. Rxd6 Qb5
28. Qxe6+ Kh8 29. Rxa6 Rfe8 30. Qc6 Rec8 31. Qxb5 Rxb5 32. Be3 Rxc1+ 33. Bxc1
Bd4+ 34. Kf1 1/2-1/2

[Event "Festival Seprio A"]
[Site "Castiglione Olona ITA"]
[Date "1995.12.??"]
[Round "2"]
[White "Naumkin, Igor"]
[Black "Mantovani, Renzo"]
[Result "1/2-1/2"]
[WhiteElo "2455"]
[BlackElo "2365"]
[PlyCount "55"]
[EventDate "1995.12.27"]

1. d4 Nf6 2. Nf3 e6 3. c4 b6 4. g3 Bb4+ 5. Bd2 a5 6. Bg2 Ba6 7. Ne5 c6 8. O-O
Bxd2 9. Nxd2 O-O 10. Rc1 d5 11. Qb3 b5 12. cxd5 cxd5 13. e4 b4 14. Rfe1 Bb7 15.
a3 dxe4 16. Nxe4 Nxe4 17. Bxe4 Bxe4 18. Rxe4 Nd7 19. axb4 Nf6 20. Re2 Qxd4 21.
bxa5 Rxa5 22. Nc6 Qg4 23. Rec2 Raa8 24. Rc4 Qe2 25. Qb7 h6 26. Ne7+ Kh7 27.
R1c2 Qd3 28. R2c3 1/2-1/2

[Event "Festival Seprio A"]
[Site "Castiglione Olona ITA"]
[Date "1995.12.??"]
[Round "2"]
[White "Pax, Horst"]
[Black "Sgnaolin, Davide"]
[Result "1-0"]
[WhiteElo "2175"]
[BlackElo "1994"]
[PlyCount "93"]
[EventDate "1995.12.27"]

1. e4 c5 2. Nf3 Nc6 3. d4 cxd4 4. Nxd4 g6 5. c4 Nf6 6. Nc3 d6 7. Be2 Nxd4 8.
Qxd4 Bg7 9. Bg5 O-O 10. Qd2 Be6 11. Rc1 Qa5 12. f3 Rfc8 13. b3 Kf8 14. O-O a6
15. Na4 Qxd2 16. Bxd2 Nd7 17. Be3 Rc6 18. Rfd1 Nc5 19. Nc3 Rac8 20. Nd5 Bxd5
21. exd5 R6c7 22. Kf1 f5 23. g4 fxg4 24. fxg4 Be5 25. Kg2 Kg7 26. g5 Rf8 27.
Bg4 a5 28. Rf1 Rxf1 29. Rxf1 a4 30. b4 Nd7 31. Be6 Nf8 32. Bb6 Nxe6 33. dxe6
Rxc4 34. Rf7+ Kg8 35. Rxe7 Rg4+ 36. Kf3 Rxg5 37. Be3 Rf5+ 38. Ke2 h5 39. Rxb7
Bf6 40. Rb8+ Kg7 41. b5 d5 42. b6 d4 43. b7 Rb5 44. Bxd4 Bxd4 45. e7 Re5+ 46.
Kd3 Rxe7 47. Kxd4 1-0

[Event "Festival Seprio A"]
[Site "Castiglione Olona ITA"]
[Date "1995.12.??"]
[Round "2"]
[White "Vujovic, Milorad"]
[Black "Rossi, Giampiero"]
[Result "1/2-1/2"]
[WhiteElo "2305"]
[BlackElo "2135"]
[PlyCount "84"]
[EventDate "1995.12.27"]

1. c4 e6 2. Nc3 d5 3. e3 Nf6 4. Nf3 c6 5. b3 Nbd7 6. Bb2 Bd6 7. Be2 O-O 8. O-O
Qe7 9. cxd5 exd5 10. d4 Re8 11. a3 Nf8 12. b4 a6 13. Na4 Bf5 14. Nc5 Rad8 15.
a4 Ng6 16. Rc1 Ne4 17. Nd2 Nxc5 18. bxc5 Bb8 19. Re1 Qc7 20. Nf1 Re7 21. Bc3
Rde8 22. Qd2 Qd7 23. Bd3 Bxd3 24. Qxd3 Qg4 25. Rb1 Nh4 26. Ng3 h5 27. Qd1 Bxg3
28. hxg3 Qxd1 29. Rexd1 Nf5 30. Rb3 Rd7 31. Rdb1 Ree7 32. Kf1 g6 33. Ke2 Kf8
34. Kd3 Ke8 35. Ba5 Ng7 36. Rb6 Ne6 37. f3 f6 38. Be1 Kf7 39. Bf2 Ng7 40. g4
hxg4 41. fxg4 Kf8 42. Rf1 Kf7 1/2-1/2

[Event "Festival Seprio A"]
[Site "Castiglione Olona ITA"]
[Date "1995.12.??"]
[Round "3"]
[White "Barlocco, Carlo"]
[Black "Bellini, Fabio"]
[Result "0-1"]
[WhiteElo "2160"]
[BlackElo "2350"]
[PlyCount "54"]
[EventDate "1995.12.27"]

1. e4 g6 2. d4 Bg7 3. Nf3 c5 4. c3 cxd4 5. Nxd4 Nc6 6. g3 Nxd4 7. cxd4 Qb6 8.
e5 d6 9. f4 Nh6 10. Nc3 Nf5 11. Ne2 O-O 12. Bg2 dxe5 13. dxe5 Be6 14. Nc3 Rad8
15. Qe2 f6 16. Qf2 Qa6 17. Bf1 Qa5 18. Bd2 Nd4 19. O-O-O fxe5 20. Be3 Nc6 21.
Rxd8 Rxd8 22. Bg2 exf4 23. Bd2 Nb4 24. Qe2 Nxa2+ 25. Nxa2 Qxa2 26. Bxf4 Qa1+
27. Kc2 Qxb2# 0-1

[Event "Festival Seprio A"]
[Site "Castiglione Olona ITA"]
[Date "1995.12.??"]
[Round "3"]
[White "Contini, Luca"]
[Black "Naumkin, Igor"]
[Result "0-1"]
[WhiteElo "2315"]
[BlackElo "2455"]
[PlyCount "68"]
[EventDate "1995.12.27"]

1. d4 e6 2. c4 f5 3. g3 Nf6 4. Bg2 Be7 5. Nf3 O-O 6. O-O d6 7. b3 Qe8 8. Bb2
Qh5 9. Nbd2 Nc6 10. Qc2 Bd7 11. e4 e5 12. exf5 Bxf5 13. Qc3 Ng4 14. h3 Nh6 15.
dxe5 Bxh3 16. exd6 Bf6 17. Qc1 Ng4 18. Bxf6 Rxf6 19. Nh4 Nd4 20. Qe1 Bxg2 21.
Kxg2 Re6 22. Qb1 Re2 23. Qd3 Ne3+ 24. Kg1 Nxf1 25. Nxf1 c5 26. b4 Qf7 27. f4
Qh5 28. Rd1 Rxa2 29. Re1 Rd8 30. Re5 Qg4 31. bxc5 Ne2+ 32. Rxe2 Qxe2 33. Qd5+
Kh8 34. Qd4 Rc2 0-1

[Event "Festival Seprio A"]
[Site "Castiglione Olona ITA"]
[Date "1995.12.??"]
[Round "3"]
[White "Djuric, Stefan"]
[Black "Vujovic, Milorad"]
[Result "1-0"]
[WhiteElo "2470"]
[BlackElo "2305"]
[PlyCount "63"]
[EventDate "1995.12.27"]

1. e4 c5 2. Nf3 e6 3. Nc3 d6 4. d4 cxd4 5. Nxd4 Be7 6. g3 Nf6 7. Bg2 O-O 8. O-O
a6 9. b3 Qc7 10. Bb2 Bd7 11. Nce2 Nc6 12. c4 g6 13. Rc1 Nxd4 14. Nxd4 e5 15.
Nc2 b5 16. Ne3 Qb7 17. c5 dxc5 18. Bxe5 Bc6 19. Nd5 Ne8 20. Qc2 c4 21. bxc4
bxc4 22. Qxc4 Bb5 23. Qb3 Bd6 24. Bxd6 Nxd6 25. Rc7 Bxf1 26. Rxb7 Nxb7 27. Ne7+
Kh8 28. Bxf1 Nd8 29. Qb2+ f6 30. e5 Ra7 31. exf6 Nf7 32. Bc4 1-0

[Event "Festival Seprio A"]
[Site "Castiglione Olona ITA"]
[Date "1995.12.??"]
[Round "3"]
[White "Mantovani, Renzo"]
[Black "Contin, Daniel"]
[Result "1/2-1/2"]
[WhiteElo "2365"]
[BlackElo "2365"]
[PlyCount "45"]
[EventDate "1995.12.27"]

1. d4 Nf6 2. Nf3 g6 3. Bf4 Bg7 4. Nbd2 d6 5. e4 O-O 6. c3 b6 7. Bd3 e5 8. Bg5
h6 9. Bh4 Nc6 10. dxe5 Nxe5 11. Nxe5 dxe5 12. Bc4 Bb7 13. Qc2 Qd7 14. f3 Nh5
15. O-O Bf6 16. Bxf6 Nxf6 17. Rfd1 Qe7 18. b4 a5 19. a3 axb4 20. axb4 Rxa1 21.
Rxa1 Ra8 22. Rxa8+ Bxa8 23. Qd3 1/2-1/2

[Event "Festival Seprio A"]
[Site "Castiglione Olona ITA"]
[Date "1995.12.??"]
[Round "3"]
[White "Nurkic, Sahbaz"]
[Black "Medancic, Rikard"]
[Result "1-0"]
[WhiteElo "2420"]
[BlackElo "2340"]
[PlyCount "57"]
[EventDate "1995.12.27"]

1. e4 d5 2. exd5 Qxd5 3. Nc3 Qa5 4. Nf3 c6 5. Be2 Nf6 6. O-O Bg4 7. b4 Qc7 8.
h3 Bh5 9. d4 e6 10. b5 Nbd7 11. bxc6 bxc6 12. Ng5 Bxe2 13. Qxe2 Be7 14. Bd2 O-O
15. Rae1 h6 16. Nf3 Rab8 17. Qd3 Rfd8 18. Qe2 Bd6 19. Kh1 Bf4 20. Bxf4 Qxf4 21.
Rd1 Nd5 22. Qc4 Nxc3 23. Qxc3 Qd6 24. Rfe1 Rdc8 25. Ne5 Nf6 26. Qa5 Qc7 27. Qa3
c5 28. dxc5 Qxc5 29. Rd8+ 1-0

[Event "Festival Seprio A"]
[Site "Castiglione Olona ITA"]
[Date "1995.12.??"]
[Round "3"]
[White "Rossi, Giampiero"]
[Black "Pax, Horst"]
[Result "1/2-1/2"]
[WhiteElo "2135"]
[BlackElo "2175"]
[PlyCount "118"]
[EventDate "1995.12.27"]

1. d4 Nf6 2. c4 g6 3. g3 Bg7 4. Bg2 d5 5. cxd5 Nxd5 6. e4 Nb4 7. d5 c6 8. Ne2
O-O 9. O-O cxd5 10. exd5 Bf5 11. Nbc3 Nd7 12. a3 Nd3 13. g4 Nxb2 14. Bxb2 Bxg4
15. Na4 Bxb2 16. Nxb2 Ne5 17. Qd2 Nf3+ 18. Bxf3 Bxf3 19. Rfe1 Qd7 20. Qf4 Qxd5
21. Nc3 Qh5 22. Rxe7 Rac8 23. Re3 Bc6 24. Rae1 Qa5 25. Nc4 Qc5 26. Re5 Rfe8 27.
Rxe8+ Bxe8 28. Ne4 Qxc4 29. Nf6+ Kg7 30. Nxe8+ Kg8 31. Nf6+ Kg7 32. Ne8+ Kg8
33. Qxc4 Rxc4 34. Nd6 Ra4 35. Re8+ Kg7 36. Re7 Kf6 37. Rxb7 Rxa3 38. Kg2 Ke6
39. Nb5 Ra5 40. Nxa7 Rg5+ 41. Kf3 Rf5+ 42. Kg2 Rg5+ 43. Kf1 Rh5 44. Nc6 Rxh2
45. Nd8+ Kd5 46. Rxf7 Ke5 47. Re7+ Kf6 48. Re3 Rh1+ 49. Kg2 Rd1 50. Ne6 Rd5 51.
Nf4 Rg5+ 52. Kf3 Rf5 53. Ke2 Ra5 54. Rh3 g5 55. Nd3 Kg6 56. Rg3 Kf6 57. Kf3 h6
58. Kg4 Ra4+ 59. Kf3 Ra5 1/2-1/2

[Event "Festival Seprio A"]
[Site "Castiglione Olona ITA"]
[Date "1995.12.??"]
[Round "3"]
[White "Scavo, Fernando"]
[Black "Capitelli, Paolo"]
[Result "1-0"]
[WhiteElo "2260"]
[BlackElo "1890"]
[PlyCount "137"]
[EventDate "1995.12.27"]

1. d4 Nf6 2. c4 g6 3. Nc3 Bg7 4. e4 d6 5. Be2 O-O 6. Nf3 e5 7. O-O Nc6 8. d5
Ne7 9. Ne1 Nd7 10. f3 f5 11. Be3 f4 12. Bf2 g5 13. Nb5 b6 14. b4 Nf6 15. c5 a6
16. cxd6 cxd6 17. Nc3 h5 18. b5 a5 19. Rc1 Rf7 20. Na4 Rb8 21. Qc2 Ne8 22. Nd3
Bf6 23. Ndb2 Bd7 24. Qb3 Rg7 25. h3 Kh8 26. Rfd1 Nc8 27. Rc6 g4 28. fxg4 Bh4
29. Rc3 Bxf2+ 30. Kxf2 hxg4 31. hxg4 Qh4+ 32. Kg1 Bxg4 33. Bxg4 Qxg4 34. Rh3+
Kg8 35. Qf3 Nf6 36. Qxg4 Rxg4 37. Re1 Rb7 38. Nc4 Rbg7 39. Re2 Nd7 40. Kf1 Kf7
41. Rh6 R7g6 42. Rxg6 Rxg6 43. Rc2 Na7 44. Na3 Rg3 45. Rc7 Ke8 46. Rc3 Rxc3 47.
Nxc3 Nc5 48. Nc4 Nc8 49. Ke2 Kd7 50. Kf3 Kc7 51. g3 fxg3 52. Kxg3 Na7 53. Kg4
Nd3 54. Kf5 Nc8 55. Na4 Nc5 56. Nxc5 bxc5 57. Kf6 Na7 58. b6+ Kb7 59. bxa7 Kxa7
60. Nxa5 Ka6 61. Nc4 Kb5 62. Nxd6+ Kb4 63. Kxe5 c4 64. Nxc4 Kxc4 65. d6 Kb5 66.
d7 Ka6 67. d8=Q Kb7 68. Kd6 Ka7 69. Kc6 1-0

[Event "Festival Seprio A"]
[Site "Castiglione Olona ITA"]
[Date "1995.12.??"]
[Round "3"]
[White "Sgnaolin, Davide"]
[Black "Ciampi, Vincenzo"]
[Result "1-0"]
[WhiteElo "1994"]
[BlackElo "2160"]
[PlyCount "61"]
[EventDate "1995.12.27"]

1. e4 c5 2. Nf3 e6 3. Nc3 a6 4. d4 cxd4 5. Nxd4 Qc7 6. g3 Bb4 7. Nde2 Nf6 8.
Bg2 Nc6 9. O-O Be7 10. a4 O-O 11. h3 d6 12. g4 Rd8 13. Ng3 d5 14. exd5 Nb4 15.
Qe2 Nfxd5 16. Nxd5 Nxd5 17. Rd1 Bf8 18. a5 Bd7 19. Bxd5 exd5 20. Be3 Re8 21.
Qd2 Be6 22. Bd4 Rac8 23. c3 g6 24. Nh5 f5 25. Nf6+ Kf7 26. Nxe8 Rxe8 27. Re1
Bd6 28. Qg5 Qe7 29. Qh6 Rg8 30. Re2 Qd7 31. Rae1 1-0

[Event "Festival Seprio A"]
[Site "Castiglione Olona ITA"]
[Date "1995.12.??"]
[Round "4"]
[White "Barlocco, Carlo"]
[Black "Sgnaolin, Davide"]
[Result "0-1"]
[WhiteElo "2160"]
[BlackElo "1994"]
[PlyCount "49"]
[EventDate "1995.12.27"]

1. e4 c5 2. Nf3 Nc6 3. d4 cxd4 4. Nxd4 g6 5. Nc3 Bg7 6. Be3 Nf6 7. Be2 O-O 8.
f4 d5 9. e5 Ne8 10. Bb5 Nxd4 11. Qxd4 Nc7 12. O-O-O Be6 13. Ba4 b5 14. Nxb5
Nxb5 15. Bxb5 Qc7 16. Rd3 f6 17. Qc5 Qxc5 18. Bxc5 fxe5 19. fxe5 Rac8 20. Bd4
Rf4 21. Rhd1 Re4 22. Ba4 Re2 23. Bb3 Rxg2 24. h3 Re2 25. Kb1 0-1

[Event "Festival Seprio A"]
[Site "Castiglione Olona ITA"]
[Date "1995.12.??"]
[Round "4"]
[White "Bellini, Fabio"]
[Black "Mantovani, Renzo"]
[Result "1-0"]
[WhiteElo "2350"]
[BlackElo "2365"]
[PlyCount "41"]
[EventDate "1995.12.27"]

1. c4 c5 2. Nf3 Nf6 3. Nc3 Nc6 4. d4 cxd4 5. Nxd4 d6 6. e4 e6 7. Be2 Be7 8. O-O
Bd7 9. Ndb5 Qb8 10. Bf4 Ne5 11. Bg5 Bxb5 12. Bxf6 Bxf6 13. Nxb5 Ke7 14. c5 dxc5
15. f4 a6 16. fxe5 Bxe5 17. Rxf7+ Kxf7 18. Qd7+ Kf6 19. Rf1+ Bf4 20. Nc7 g5 21.
e5+ 1-0

[Event "Festival Seprio A"]
[Site "Castiglione Olona ITA"]
[Date "1995.12.??"]
[Round "4"]
[White "Capitelli, Paolo"]
[Black "Ciampi, Vincenzo"]
[Result "0-1"]
[WhiteElo "1890"]
[BlackElo "2160"]
[PlyCount "79"]
[EventDate "1995.12.27"]

1. e4 c5 2. Nf3 e6 3. d4 cxd4 4. Nxd4 Nf6 5. Nc3 d6 6. Be2 Be7 7. O-O O-O 8. f4
Nc6 9. Be3 e5 10. Nb3 a5 11. a4 Nb4 12. Nd5 Nbxd5 13. exd5 exf4 14. Rxf4 Nd7
15. Rf1 Ne5 16. c4 Bd7 17. Nd4 Rc8 18. b3 Re8 19. Bf2 Ng6 20. Nb5 Bxb5 21. axb5
Bf6 22. Ra2 Be5 23. Bg4 Ra8 24. Re1 Qg5 25. Bf3 a4 26. Rxa4 Rxa4 27. bxa4 Qf4
28. g3 Qxc4 29. Re4 Qc3 30. Be1 Qc7 31. Be2 Qe7 32. a5 f5 33. Rc4 Bf6 34. Rc2
f4 35. Bf2 fxg3 36. Bxg3 Bg5 37. Qd3 Ne5 38. Qc3 Rf8 39. a6 bxa6 40. bxa6 0-1

[Event "Festival Seprio A"]
[Site "Castiglione Olona ITA"]
[Date "1995.12.??"]
[Round "4"]
[White "Contin, Daniel"]
[Black "Rossi, Giampiero"]
[Result "1-0"]
[WhiteElo "2365"]
[BlackElo "2135"]
[PlyCount "55"]
[EventDate "1995.12.27"]

1. c4 e6 2. Nf3 d5 3. b3 Nf6 4. g3 c6 5. Bg2 Nbd7 6. Bb2 Be7 7. O-O O-O 8. d3
b6 9. e3 Bb7 10. Qe2 Rc8 11. Nc3 Qc7 12. Rac1 Qb8 13. d4 Rfd8 14. Rfd1 Nf8 15.
Ne5 Ng6 16. h4 Nxe5 17. dxe5 Nd7 18. f4 dxc4 19. Ne4 Nc5 20. Nf6+ gxf6 21. exf6
Bf8 22. Be5 Qa8 23. Qg4+ Kh8 24. Qh5 Rxd1+ 25. Rxd1 Rd8 26. Rxd8 Qxd8 27. Qxf7
cxb3 28. Qxf8+ 1-0